000 01247nam a2200277Ia 4500
008 130821s2005 enka gr eng
020 _a1403942536
020 _a9781403942531
040 _aCo-BoUCM
_bspa
041 0 0 _aeng
245 0 0 _aPsychology, rationality, and economic behaviour challenging standard assumptions
_ceditado por Bina Agarwal y Alessandro Vercelli
246 1 3 _aPsychology, rationality, and economic behavior
260 _aHoundmills (Hampshire, Inglaterra)
_bPalgrave Macmillan in Association with International Economic Association
_c2005
300 _axiii, 270 páginas
_bilustraciones
490 0 _aIEA conference volume
_v142
504 _aIncluye referencias bibliográficas e índice.
650 0 4 _aEconomía
_9174
650 0 4 _aEconomía
_xAspectos psicológicos
_931456
650 0 4 _aEconomía
_xToma de decisiones
_9174
700 1 _aAgarwal, Bina
_eed.
_9166628
700 1 _aVercelli, Alessandro
_eed.
_9166629
711 2 _aInternational Economic Association.
_bWorld Congress
_n(13th
_d2002
_cLisbon, Portugal)
_9166630
856 4 2 _zTabla de Contenido
_uhttp://www.loc.gov/catdir/toc/fy0602/2005043139.html
942 _a7
_e1
_kR
_mP974p
_cLIBRO
_2DEWEY
_h330.019
999 _c66120
_d66120